| 000 | 00000nam##2200000za#4500 |
| 001 | 9.699114 |
| 003 | CaOODSP |
| 005 | 20210625000233 |
| 007 | cr ||||||||||| |
| 008 | 150407|2001||||xxc|||||o f|0| 0 eng|d |
| 040 | |aCaOODSP|beng |
| 043 | |an-cn--- |
| 086 | 1 |aEn84-118/2001E-PDF |
| 110 | 1 |aCanada.|bEnvironment Canada. |bEnvironmental Technology Centre. |
| 245 | 10|aRevised procedures for adjusting salinity of effluent samples for marine sublethal toxicity testing conducted under Environmental Effects Monitoring (EEM) programs |h[electronic resource] |
| 246 | 1 |aEnvironment Canada's revised (December 2001) procedure for salinity adjustment applicable to samples of effluent tested for toxicity according to EEM requirements |
| 260 | |aOttawa - Ontario : |bEnvironment Canada. |cDecember 2001. |
| 300 | |a12p.|breferences |
| 590 | |a14-21-Supp|b2014-12-11 |
| 690 | 07|aEnvironmental management|2gcpds |
| 690 | 07|aMarine biology|2gcpds |
| 690 | 07|aToxicology|2gcpds |
| 775 | 08|tProcédure révisée pour l'ajustement de la salinité d'échantillons d'effluents soumis à un essai de toxicité sublétale en milieu marin conduit dans le cadre des programmes d'étude de suivi des effets sur l'environnement (ESEE) |w(CaOODSP)9.643281 |
| 856 | 40|ahttp://publications.gc.ca|qPDF|s649 KB|uhttps://publications.gc.ca/collections/collection_2014/ec/En84-118-2001-eng.pdf |